Statistics for Tectonic Plates on a Map

Click here to take the quiz!

General Stats

  • This quiz has been taken 25,249 times
  • The average score is 12 of 29

Answers on the Map

Answers color-coded by a green-red scale on the quiz's map according to % correct below.
 

Answer Stats

Answer% Correct
Africa
96%
India
93%
North America
92%
South America
92%
Pacific
91%
Australia
90%
Antarctica
89%
Eurasia
87%
Arabia
77%
Caribbean
56%
Philippine
36%
Amur
33%
Nazca
29%
Panama
28%
Anatolia
24%
Somalia
22%
Juan de Fuca
19%
Cocos
18%
Timor
16%
Burma
15%
Easter
15%
Scotia
13%
North Andes
11%
Okhotsk
9%
Yangtze
9%
Bird's Head
6%
Caroline
6%
Banda Sea
5%
Molucca Sea
5%

Score Distribution

Percentile by Number Answered

Percent of People with Each Score

Your Score History

You have not taken this quiz